Tráva

Podrobná bibliografia
Hlavný autor: Černík, Michal, 1943- (Autor)
Ďalší autori: Čertík, Jozef, 1950- (Prekladateľ)
Médium: Článok
Jazyk:slovenčina
Predmet:

MARC

LEADER 00000nab a2200000 a 4500
001 vtls000242989
003 SK-MaSNL
005 20260302211834.0
008 160202c1986 xo 0 slo
015 |a SNBRB19rr/mm-uuuuu 
035 |a CL0253103 
040 |a SNKBUCL  |b slo  |c SNKBUCL  |e AACR2 
041 0 |a slo 
044 |a xo  |c SK 
080 |a 885.0-1(087.5)  |2 1981 
100 1 |a Černík, Michal,  |d 1943-  |4 aut  |9 117234 
245 1 0 |a Tráva  |c Michal Černík ; Jozef Čertík 
650 0 7 |a básne lyrické  |2 snkbucl  |9 403933 
655 7 |a články z novín a časopisov  |2 snkbucl  |9 267496 
655 7 |a články z odboru literárna veda a krásna literatúra  |2 snkbucl  |9 770045 
700 1 |a Čertík, Jozef,  |d 1950-  |4 trl  |9 13287 
773 0 |t Ohník  |g Roč. 38, č. 15 (1985/1986), s. 4 
850 |a Slovenská národná knižnica v Martine  |a MTA001 
852 |a SNK  |b KIS3GCP 
958 |a RK 
958 |a CZ 
958 |a LX 
992 |a RBX 
999 |c 1486596  |d 1488526